[Event "Challenge"]
[Site "http://www.queenalice.com/game.php?id=50871"]
[Date "2006.2.3"]
[Round "-"]
[White "jordancavalera"]
[Black "zerocyber"]
[Result "1-0"]
[WhiteElo "1577"]
[BlackElo "1362"]

1. e4 e5 2. Nf3 f6 3. d4 h6 4. dxe5 fxe5 5. Nxe5 Qf6 6. Nd3 c5 7. Nc3 a6 8. Nd5
Qd6 9. Be3 b6 10. Bf4 Qc6 11. Nc7+ Ke7 12. Nxa8 Qxa8 13. Qe2 Nc6 14. c3 d6 15.
Qe3 g5 16. Bg3 a5 17. e5 Qb8 18. exd6+ Kd7 19. Be2 Bxd6 20. Bg4+ Kd8 21. Bxc8
Kxc8 22. Qe6+ Kd8 23. Bxd6 Qc8 24. Qxc8+ Kxc8 25. O-O Kd7 26. Be5 Rh7 27. c4
Nge7 28. Rad1 Kc8 29. Rfe1 Nb4 30. a3 Nbc6 31. Bd6 Nf5 32. Ne5 Ncd4 33. b4 Nc2
34. Re4 h5 35. bxc5 bxc5 36. Bxc5 g4 37. Re2 Rc7 38. Bb6 Nfd4 39. Bxd4 Nxa3 40.
Bb6 Re7 41. Rde1 h4 42. Bxa5 Rb7 43. c5 Ra7 44. Nxg4 Rxa5 45. Re7 Rxc5 46. Rh7
Rc7 47. Rxc7+ Kxc7 48. Ne5 Nc2 49. Rc1 1-0

[Event "Challenge"]
[Site "http://www.queenalice.com/game.php?id=53422"]
[Date "2006.2.17"]
[Round "-"]
[White "wandi"]
[Black "zerocyber"]
[Result "0-1"]
[WhiteElo "1500"]
[BlackElo "1323"]

1. e4 h5 2. d4 e6 3. Nf3 Rh7 4. Nc3 Nc6 5. Bb5 Bb4 6. O-O d5 7. e5 f6 8. Bf4 g5
9. Bd2 fxe5 10. Bxg5 Qd7 11. Nxe5 Qg7 12. Qd3 a6 13. Bxc6+ bxc6 14. Nxc6 Bxc3
15. Qxc3 Qxg5 16. Ne5 Rg7 17. g3 Ne7 18. f4 Qf6 19. Qxc7 Nf5 20. Qc6+ Kd8 21.
Qxa8 h4 22. b4 hxg3 23. hxg3 Rxg3+ 24. Kf2 Qh4 25. Ke2 Qh2+ 26. Rf2 Re3+ 27. Kf1
Qh1# 0-1

[Event "Challenge"]
[Site "http://www.queenalice.com/game.php?id=60929"]
[Date "2006.4.2"]
[Round "-"]
[White "koshnarek"]
[Black "zerocyber"]
[Result "0-1"]
[WhiteElo "1341"]
[BlackElo "1346"]

1. e4 e5 2. d4 d6 3. d5 c6 4. dxc6 bxc6 5. Nc3 h5 6. Be2 Nf6 7. f3 d5 8. exd5
cxd5 9. Bg5 Nc6 10. Bb5 Bd7 11. Nxd5 Rb8 12. c4 Nd4 13. Bxd7+ Kxd7 14. Nxf6+ Ke6
15. Qd3 gxf6 16. Bh4 Rxb2 17. g3 Qa5+ 18. Kf1 Nc2 19. Rc1 Nd4 20. Rd1 Bc5 21.
Ne2 Rxe2 22. h3 Rxa2 23. f4 Ra1 24. fxe5 fxe5 25. Rh2 Qa3 26. Qd2 Rb8 27. Qh6+
Kd7 28. Qxh5 Rf8 29. Re1 Nf3 30. Qf5+ Ke8 31. Rxa1 Qxa1+ 0-1

[Event "The Beginning"]
[Site "http://www.queenalice.com/game.php?id=61957"]
[Date "2006.4.7"]
[Round "-"]
[White "dtrainey"]
[Black "zerocyber"]
[Result "1-0"]
[WhiteElo "1252"]
[BlackElo "1355"]

1. c4 d6 2. d4 f5 3. Nf3 h6 4. Nc3 e6 5. Bf4 c6 6. e4 b5 7. a3 bxc4 8. exf5 exf5
9. Bxc4 d5 10. Qe2+ Qe7 11. Bd3 g5 12. Qxe7+ Nxe7 13. Be5 Rg8 14. Bxb8 Rxb8 15.
b4 g4 16. Nd2 Bg7 17. Nb3 Rb6 18. O-O-O a6 19. Rde1 a5 20. Na4 Rb8 21. Nxa5 Bxd4
22. Re2 f4 23. Nxc6 Rb7 24. Rhe1 f3 25. Rxe7+ Rxe7 26. Nxe7 Bxf2 27. Nxg8+ Bxe1
28. gxf3 gxf3 29. Nxh6 f2 30. Nb2 Kf8 31. Nd1 Kg7 32. Nf5+ Bxf5 33. Nxf2 Bxd3
34. Nxd3 Bh4 35. Kc2 Kf7 36. a4 Ke7 37. Kc3 Bf6+ 38. Kb3 Kd7 39. b5 Bd8 40. Kb4
Kc7 41. Kc5 Kb7 42. Kxd5 Kb6 43. Nb4 Be7 44. Nc6 Bg5 45. Ke6 Kc5 46. Kf5 Bd2 47.
h4 Be3 48. h5 Kb6 49. Kg6 Kc5 50. h6 Bxh6 51. Kxh6 Kb6 52. Kg6 Kc5 53. Kf6 Kb6
54. Ke7 Kc5 55. Kd7 Kb6 56. Kd6 Kb7 57. Kc5 Kc7 58. a5 Kb7 59. a6+ 1-0

[Event "Challenge"]
[Site "http://www.queenalice.com/game.php?id=64724"]
[Date "2006.4.21"]
[Round "-"]
[White "wandi"]
[Black "zerocyber"]
[Result "1/2-1/2"]
[WhiteElo "1550"]
[BlackElo "1359"]

1. e4 a6 2. d4 h6 3. Nc3 c6 4. Nf3 f6 5. Bc4 e6 6. Bf4 Bb4 7. Qd2 g5 8. a3 b5 9.
d5 exd5 10. exd5 gxf4 11. axb4 bxc4 12. O-O Kf7 13. Qxf4 Ne7 14. Rad1 d6 15. Ne4
Ng6 16. Qxf6+ Qxf6 17. Nxf6 Kxf6 18. dxc6 Ke7 19. Rfe1+ Kf7 20. Rxd6 Ra7 21.
Ne5+ Nxe5 22. Rxe5 Re8 23. Rxe8 Kxe8 24. Rxh6 Rc7 25. h4 Nxc6 26. c3 Ne5 27. Rd6
Rh7 28. Rd5 Rh5 29. Rc5 Rf5 30. Rxc8+ Kd7 31. Ra8 Rf6 32. g3 Ng4 33. Kg2 Rxf2+
34. Kh3 Ne5 35. Rxa6 Rxb2 36. Ra5 Kd6 37. Ra6+ Kc7 38. Ra5 Kd6 39. Rc5 Rc2 40.
Rb5 Rxc3 41. Kg2 Rf3 42. Ra5 Rb3 43. Ra1 c3 44. h5 Rxb4 45. h6 Rb8 46. Rc1 Rc8
47. h7 Nf7 48. Kf3 Ke6 49. Ke3 Kf5 50. Kd3 Kg4 51. Rxc3 Rh8 1/2-1/2

[Event "o jogo do século"]
[Site "http://www.queenalice.com/game.php?id=65401"]
[Date "2006.4.24"]
[Round "-"]
[White "filipe"]
[Black "zerocyber"]
[Result "1-0"]
[WhiteElo "1667"]
[BlackElo "1355"]

1. c4 e5 2. Nc3 c6 3. Nf3 d6 4. d4 h6 5. dxe5 d5 6. e4 Bb4 7. exd5 Bxc3+ 8. bxc3
Qa5 9. Bb2 b5 10. cxb5 cxb5 11. Qb3 Ne7 12. Qxb5+ Qxb5 13. Bxb5+ Bd7 14. Bxd7+
Nxd7 15. c4 Rb8 16. Bc3 Nc5 17. Ke2 g5 18. Rab1 Na6 19. Rb3 Nc8 20. Rxb8 Nxb8
21. Rb1 Na6 22. Rb7 Ne7 23. Rxa7 Nb8 24. e6 g4 25. Bxh8 gxf3+ 26. Kxf3 fxe6 27.
Ra8 Kf7 28. dxe6+ Kxe6 29. Rxb8 Nc6 30. Rb6 Kd6 31. Rxc6+ Kxc6 32. Bd4 h5 33.
Kf4 1-0

[Event "Hello like a game?"]
[Site "http://www.queenalice.com/game.php?id=70646"]
[Date "2006.5.22"]
[Round "-"]
[White "Pawngal"]
[Black "zerocyber"]
[Result "0-1"]
[WhiteElo "1339"]
[BlackElo "1343"]

1. e4 h5 2. Nf3 Nf6 3. Bc4 Nxe4 4. Qe2 d5 5. Bb3 c6 6. Nc3 a5 7. O-O f5 8. Nxe4
fxe4 9. Ne5 Bg4 10. Nxg4 hxg4 11. Qxg4 Nd7 12. d3 Nf6 13. Qg3 a4 14. Bxa4 Rxa4
15. b3 Rd4 16. Bb2 Nh5 17. Qg6+ Kd7 18. Bxd4 e6 19. Qf7+ Kd6 20. Qxb7 Nf4 21.
Qb6 Qh4 22. Bc5+ Ke5 23. d4+ Kf5 24. h3 Nxh3+ 25. gxh3 Qxh3 26. Rfe1 Qh1# 0-1

[Event "Neguinha"]
[Site "http://www.queenalice.com/game.php?id=75089"]
[Date "2006.6.8"]
[Round "-"]
[White "filipe"]
[Black "zerocyber"]
[Result "1-0"]
[WhiteElo "1771"]
[BlackElo "1343"]

1. e4 e6 2. d4 h5 3. Nf3 Be7 4. Nc3 Bb4 5. Bd2 d5 6. Bd3 b6 7. O-O a6 8. exd5
Bb7 9. dxe6 fxe6 10. Bg6+ Kf8 11. Ng5 Bxc3 12. Nxe6+ Ke7 13. Nxd8 Kxd8 14. Bxc3
Ne7 15. d5 Rh6 16. Bf7 Nd7 17. Bb4 c6 18. Bxe7+ Kxe7 19. Be6 Ne5 20. Re1 Kf6 21.
Qd4 cxd5 22. Qxe5+ Kg6 23. Qf5# 1-0

[Event "Challenge"]
[Site "http://www.queenalice.com/game.php?id=87140"]
[Date "2006.7.18"]
[Round "-"]
[White "zerocyber"]
[Black "hugo10"]
[Result "1-0"]
[WhiteElo "1335"]
[BlackElo "1133"]

1. e4 e6 2. d4 d5 3. Nc3 Nf6 4. Bg5 h6 5. Bxf6 gxf6 6. exd5 exd5 7. g3 h5 8. Bg2
Bh6 9. Nxd5 O-O 10. Qe2 Re8 11. Be4 f5 12. Qxh5 Bg5 13. h4 Be7 14. g4 Nc6 15.
gxf5 Nxd4 16. Ne2 c6 17. f6 Bxf6 18. Bh7+ Kg7 19. Rg1+ Kf8 20. Qh6+ Bg7 21.
Qxg7# 1-0

[Event "Challenge"]
[Site "http://www.queenalice.com/game.php?id=87998"]
[Date "2006.7.20"]
[Round "-"]
[White "vult0"]
[Black "zerocyber"]
[Result "0-1"]
[WhiteElo "1601"]
[BlackElo "1365"]

1. e4 d6 2. d4 Nf6 3. Nc3 Bg4 4. f3 Qd7 5. fxg4 Qxg4 6. Nf3 Nxe4 7. Nxe4 Qxe4+
8. Be3 Qxe3+ 9. Be2 g5 10. g4 Na6 11. c3 f6 12. Qd2 Qe6 13. h3 c6 14. O-O-O b5
15. Kb1 h5 16. gxh5 Rxh5 17. Rde1 Rxh3 18. Bxb5 Rxh1 19. Bxc6+ Kd8 20. Bxa8 Qf5+
21. Ka1 Qh3 22. a3 g4 23. Ng1 Qh6 24. Qxh6 Rxh6 25. Ne2 Nc7 26. Bc6 a5 27. Ng3
e6 28. a4 d5 29. Ka2 f5 30. b4 axb4 31. cxb4 Bxb4 32. Rb1 f4 33. Rxb4 fxg3 34.
Rb8+ Ke7 35. Rb7 Kd6 36. Rb6 g2 37. Rb1 Rh1 0-1

[Event "Challenge"]
[Site "http://www.queenalice.com/game.php?id=89673"]
[Date "2006.7.26"]
[Round "-"]
[White "jordancavalera"]
[Black "zerocyber"]
[Result "1-0"]
[WhiteElo "1737"]
[BlackElo "1367"]

1. e4 e5 2. Nf3 d6 3. d4 Bg4 4. d5 Nf6 5. Bg5 a6 6. h3 Bxf3 7. Qxf3 b5 8. a4 c6
9. axb5 cxb5 10. Bxb5+ Nbd7 11. Bc6 Rb8 12. Rxa6 Rxb2 13. O-O Ke7 14. Ra7 Qb8
15. Bxf6+ Ke8 16. Bxd7# 1-0

[Event "Challenge"]
[Site "http://www.queenalice.com/game.php?id=94168"]
[Date "2006.8.9"]
[Round "-"]
[White "xmas"]
[Black "zerocyber"]
[Result "0-1"]
[WhiteElo "1273"]
[BlackElo "1390"]

1. e4 e5 2. Nf3 d6 3. d4 h6 4. dxe5 Bg4 5. Be2 Bxf3 6. Bxf3 dxe5 7. O-O Nc6 8.
Qxd8+ Kxd8 9. Nc3 Nb4 10. Bd1 g5 11. a3 Nc6 12. Bh5 Nd4 13. Bxf7 Nxc2 14. Ra2
Nf6 15. b4 Nd4 16. Rd2 c5 17. bxc5 Bxc5 18. Na4 b6 19. Nxc5 bxc5 20. Bd5 Rb8 21.
g3 g4 22. Bb2 Nf3+ 23. Kg2 Nxd2 24. Rd1 Rxb2 25. a4 a5 26. Rc1 Nd7 27. h3 h5 28.
h4 Rb4 29. Rd1 Nxe4 30. Be6 Nc3 31. Rxd7+ Ke8 32. Rc7 Rf8 33. Rc8+ Ke7 34. Rc6
Rb2 35. Bc4 Rfxf2+ 36. Kg1 Rfd2 37. Re6+ Kd7 38. Rxe5 Rb1+ 39. Bf1 Ne2+ 40. Kg2
Nf4+ 41. Kg1 Rg2+ 42. Kh1 Rxf1# 0-1

[Event "Challenge"]
[Site "http://www.queenalice.com/game.php?id=98031"]
[Date "2006.8.21"]
[Round "-"]
[White "wandi"]
[Black "zerocyber"]
[Result "0-1"]
[WhiteElo "1490"]
[BlackElo "1427"]

1. e4 e5 2. Nf3 d6 3. d4 Nc6 4. Bb5 h6 5. d5 a6 6. Ba4 b5 7. Bb3 Na5 8. Qd3 g5
9. Bd2 g4 10. h3 gxf3 11. Qxf3 Nxb3 12. Qxb3 Nf6 13. Nc3 h5 14. O-O-O Bd7 15. f4
Bh6 16. g3 Rg8 17. f5 Bxd2+ 18. Rxd2 Rxg3 19. Rd3 h4 20. Rxg3 hxg3 21. Ne2 Nh5
22. Nxg3 Qg5+ 23. Kd1 Nxg3 24. Rg1 Ke7 25. Qxg3 Qf4 26. Qg5+ Qxg5 27. Rxg5 Rh8
28. Rg3 f6 29. Ke2 a5 30. Kf2 b4 31. Kg2 Rh7 32. a3 bxa3 33. Rxa3 a4 34. b3 c6
35. Rxa4 cxd5 36. Rb4 dxe4 37. Rxe4 Bxf5 38. Rc4 Ke6 39. Rc3 d5 40. Rc6+ Kf7 41.
Rc7+ Kg6 42. Rxh7 Kxh7 43. c3 Be6 44. c4 dxc4 0-1

[Event "Challenge"]
[Site "http://www.queenalice.com/game.php?id=98860"]
[Date "2006.8.24"]
[Round "-"]
[White "zerocyber"]
[Black "vult0"]
[Result "1-0"]
[WhiteElo "1401"]
[BlackElo "1655"]

1. e4 e5 2. Nf3 Nc6 3. a3 d5 4. exd5 Qxd5 5. c4 Qe6 6. Nc3 Nf6 7. d3 Nd4 8. Ng5
Qe7 9. f3 Bf5 10. Nd5 Nxd5 11. cxd5 O-O-O 12. g4 Bd7 13. h4 h6 14. Ne4 f5 15.
gxf5 Bxf5 16. b4 Rxd5 17. Be3 Qd7 18. Bxd4 Rxd4 19. a4 Bxb4+ 20. Ke2 Bxe4 21.
fxe4 Rd8 22. Bh3 Kb8 23. Bxd7 R8xd7 24. Rf1 Rxd3 25. Rf8+ Bxf8 26. Qxd3 Rxd3 27.
Kxd3 Be7 28. h5 c5 29. Kc4 b6 30. Kd5 Bf6 31. Rb1 Kc7 32. Ra1 Kd7 33. a5 Kc7 34.
axb6+ Kxb6 35. Rb1+ Kc7 36. Kxc5 Kd7 37. Rb7+ Ke6 38. Rxa7 Be7+ 39. Kc6 Kf6 40.
Kd5 Bf8 41. Ra8 Be7 42. Ra7 Bf8 43. Ra1 Kg5 44. Rf1 Bb4 45. Rf5+ Kh4 46. Kxe5
Bc3+ 47. Ke6 Bf6 48. Kf7 Kg4 49. Kg6 Bg5 50. e5 Be7 51. e6 Kh4 52. Rf7 Bf6 53.
e7 Bxe7 54. Rxe7 Kg4 55. Rxg7 1-0

[Event "Challenge"]
[Site "http://www.queenalice.com/game.php?id=111218"]
[Date "2006.9.29"]
[Round "-"]
[White "zerocyber"]
[Black "valerie973"]
[Result "1-0"]
[WhiteElo "1437"]
[BlackElo "1429"]

1. e4 c5 2. Nc3 e6 3. a4 Nc6 4. d3 Nd4 5. a5 a6 6. f4 d5 7. Be3 Bd7 8. Nf3 Nxf3+
9. Qxf3 d4 10. e5 dxe3 11. Qxb7 f6 12. g4 Nh6 13. Ne4 Be7 14. g5 Ng4 15. gxf6
gxf6 16. exf6 Nxf6 17. Ng5 Bb5 18. Nxe6 Rb8 19. Nxd8 Rxb7 20. Nxb7 Ng4 21. Bg2
Nf2 22. Rf1 Bh4 23. Nd6+ Kd7 24. Nf5 Nxd3+ 25. Ke2 Nxf4+ 26. Kf3 e2 27. Rfd1+
exd1=Q+ 28. Rxd1+ Ke6 29. Kxf4 Bg5+ 30. Kxg5 1-0

[Event "Challenge"]
[Site "http://www.queenalice.com/game.php?id=118691"]
[Date "2006.10.19"]
[Round "-"]
[White "zerocyber"]
[Black "MrThePlague"]
[Result "0-1"]
[WhiteElo "1446"]
[BlackElo "1617"]

1. e4 d5 2. d3 Nc6 3. Bf4 e5 4. Bg3 Nf6 5. Bh4 Bc5 6. Bxf6 Qxf6 7. f3 Bg4 8. h3
Qh4+ 9. Kd2 Bh5 10. Nc3 Nd4 11. Nxd5 O-O 12. Nxc7 Qg5+ 13. Kc3 Rac8 14. h4 Qh6
15. g4 Rxc7 16. gxh5 Bd6# 0-1

[Event "jordancavalera"]
[Site "http://www.queenalice.com/game.php?id=134673"]
[Date "2006.11.29"]
[Round "1"]
[White "zerocyber"]
[Black "filipe"]
[Result "0-1"]
[WhiteElo "1436"]
[BlackElo "1713"]

1. e4 c5 2. Bc4 Nc6 3. Nf3 e6 4. h4 a6 5. a4 d6 6. d4 cxd4 7. Nxd4 Nf6 8. Bg5
Be7 9. Bxf6 Bxf6 10. Nxc6 bxc6 11. c3 O-O 12. h5 d5 13. Be2 Qb6 14. Nd2 Qxb2 15.
Qc1 Qxc3 16. O-O Qa5 17. Ra3 Rb8 18. Nb3 Qb4 19. exd5 cxd5 20. g4 Be7 21. h6
Qxa3 22. Nd4 Qxa4 23. Nc6 Ba3 24. Qg5 Bb2 25. Ne7+ Kh8 26. Bd3 g6 27. Nxg6+ fxg6
28. Qe7 Qxg4+ 29. Kh1 Qh3+ 30. Kg1 Qxh6 31. Rb1 Be5 32. Re1 Qh2+ 0-1

[Event "Challenge"]
[Site "http://www.queenalice.com/game.php?id=157714"]
[Date "2007.1.22"]
[Round "-"]
[White "Delikz"]
[Black "zerocyber"]
[Result "0-1"]
[WhiteElo "1425"]
[BlackElo "1430"]

1. e3 e5 2. Nf3 Bd6 3. c3 g5 4. a4 e4 5. Nd4 a6 6. b4 Nf6 7. Nf5 Bf8 8. d4 exd3
9. Bxd3 Nd5 10. Qf3 c6 11. Bb2 b6 12. e4 Ne7 13. Qh5 b5 14. Qxg5 Rg8 15. Qh5
Nxf5 16. Qxf5 bxa4 17. Rg1 Rg7 18. c4 Bxb4+ 19. Bc3 Rg5 20. Qxh7 a5 21. Rxa4 c5
22. h4 Rg6 23. h5 Bxc3+ 24. Nxc3 Rb6 25. h6 Qf6 26. Nd5 Qxh6 27. Qg8+ Qf8 28.
Qh7 Rc6 29. g4 d6 30. g5 Nd7 31. f4 Nb6 32. Nf6+ Kd8 33. Ra2 Ba6 34. Rxa5 Nd7
35. Nd5 Nb6 36. Nf6 Ke7 37. e5 dxe5 38. fxe5 Ke6 39. Qe4 Bb7 40. Rb5 Ra1+ 41.
Kf2 Rxg1 42. Kxg1 Ba6 43. Ra5 Bb7 44. Ra7 Qb8 45. Qf5+ Ke7 46. Be4 Qxa7 47. Bxc6
Bxc6 48. Ng8+ Kf8 49. Nf6 Qa1+ 50. Kf2 Qd4+ 51. Kg3 Qxc4 52. Qc8+ Nxc8 53. g6
fxg6 54. Nh7+ Kf7 55. Ng5+ Ke7 56. e6 Qc3+ 0-1

[Event "Challenge"]
[Site "http://www.queenalice.com/game.php?id=159241"]
[Date "2007.1.26"]
[Round "-"]
[White "koshnarek"]
[Black "zerocyber"]
[Result "0-1"]
[WhiteElo "1556"]
[BlackElo "1446"]

1. e4 d6 2. Bc4 Be6 3. d3 Bxc4 4. dxc4 c5 5. Qd5 Qd7 6. Nf3 Nc6 7. c3 Nf6 8. Qf5
e6 9. Qf4 e5 10. Qf5 a6 11. Qxd7+ Kxd7 12. O-O Nxe4 13. Nbd2 Nxd2 14. Bxd2 Be7
15. b3 e4 16. Ne1 h6 17. b4 Ne5 18. bxc5 Nxc4 19. Bc1 dxc5 20. Nc2 Bf6 21. Rd1+
Kc6 22. Ne3 Rhd8 23. Rb1 Bg5 24. a4 Rd7 25. g3 Ne5 26. Ba3 Nf3+ 27. Kg2 Bxe3 28.
fxe3 Nd2 29. Rbc1 Nc4 30. Rxd7 Kxd7 31. Bxc5 f5 32. Rd1+ Kc6 33. Bd4 g5 34. Rf1
b5 35. axb5+ axb5 36. Rxf5 Ra2+ 37. Kh3 Nd6 38. Rc5+ Kb6 39. Rd5+ Kc7 40. Rc5+
Kb6 41. Rd5+ Kc6 42. Rc5+ Kd7 43. g4 Rb2 44. Kg3 b4 45. c4 Rc2 46. Rd5 Rxc4 47.
Bc5 Kc6 48. Rxd6+ Kxc5 49. Rxh6 b3 50. Rf6 b2 51. Rf1 Rc1 52. Rf5+ Kc4 53. Rxg5
b1=Q 54. Kf4 Rf1+ 55. Ke5 Qb5+ 56. Kxe4 Qxg5 57. h3 Qe7# 0-1

[Event "Challenge"]
[Site "http://www.queenalice.com/game.php?id=159532"]
[Date "2007.1.26"]
[Round "-"]
[White "claudiocaire"]
[Black "zerocyber"]
[Result "1-0"]
[WhiteElo "1430"]
[BlackElo "1453"]

1. e4 e5 2. Qf3 Nf6 3. Bc4 h5 4. d3 Nc6 5. Nh3 Nd4 6. Qd1 d6 7. Ng5 Bg4 8. f3
Be6 9. Bxe6 fxe6 10. c3 Nc6 11. Qb3 1-0

[Event "Challenge"]
[Site "http://www.queenalice.com/game.php?id=184807"]
[Date "2007.3.19"]
[Round "-"]
[White "PROFALEXANDRE"]
[Black "zerocyber"]
[Result "1-0"]
[WhiteElo "1454"]
[BlackElo "1446"]

1. e4 e5 2. Nf3 d6 3. d4 Nf6 4. Bg5 a6 5. dxe5 dxe5 6. Bc4 Bg4 7. Nc3 Bb4 8. h3
h6 9. Bxf6 Bxc3+ 10. bxc3 gxf6 11. hxg4 b5 12. Bb3 Qe7 13. a4 b4 14. a5 O-O 15.
Rxh6 bxc3 16. Nh2 Kg7 17. g5 fxg5 18. Qh5 Nc6 19. Rh7+ 1-0

[Event "UOL2"]
[Site "http://www.queenalice.com/game.php?id=629706"]
[Date "2009.8.3"]
[Round "1"]
[White "zerocyber"]
[Black "filipe"]
[Result "0-1"]
[WhiteElo "1466"]
[BlackElo "1727"]

1. e4 c5 2. Bc4 e6 3. Nf3 Nc6 4. h4 d5 5. Ng5 dxc4 6. Qf3 Nf6 7. Nc3 h6 8. Nh3
Nd4 9. Qd1 e5 10. a4 Be7 11. d3 cxd3 12. cxd3 a6 13. Be3 O-O 14. Bxd4 cxd4 15.
Nd5 Nxd5 16. exd5 Bb4+ 17. Kf1 Qxd5 18. f4 Bxh3 19. Rxh3 e4 20. Qg4 Be7 21. Rg3
Bf6 22. b4 exd3 23. Qf3 Qxf3+ 24. Rxf3 Bxh4 25. Rxd3 Rfe8 26. Rxd4 Bf6 27. Re1
Rxe1+ 28. Kxe1 Bxd4 29. Ke2 Rc8 30. Kd3 Ba1 31. g4 Rd8+ 32. Kc2 g5 33. fxg5 hxg5
34. b5 a5 35. Kb1 Be5 0-1

[Event "UOL2"]
[Site "http://www.queenalice.com/game.php?id=695699"]
[Date "2009.12.10"]
[Round "2"]
[White "neoiron"]
[Black "zerocyber"]
[Result "1-0"]
[WhiteElo "1314"]
[BlackElo "1460"]

1. Nf3 d5 2. Nc3 e6 3. e3 a6 4. Ne5 f6 5. Nf3 e5 6. d4 exd4 7. Qxd4 Nc6 8. Qxd5
Nb4 9. Qxd8+ Kxd8 10. Bc4 Nxc2+ 11. Kd1 1-0